| 000 | 00657cam a22002293a 4500 | ||
|---|---|---|---|
| 001 | 30979 | ||
| 003 | PGUSA | ||
| 005 | 20140828083653.0 | ||
| 008 | 100115s2010||||xxu|||||s|||||000 1 eng d | ||
| 040 |
_aPGUSA _beng |
||
| 042 | _adc | ||
| 050 | 4 | _aPS | |
| 100 | 1 |
_aBedford-Jones, H. _q(Henry), _d1887-1949 |
|
| 245 | 1 | 0 |
_aNuala O'Malley _h[electronic resource] / _cH. Bedford-Jones |
| 260 |
_bProject Gutenberg, _c2010 |
||
| 506 | _aPublic domain in the USA. | ||
| 516 | _aElectronic text | ||
| 653 | _aIreland -- History -- 1649-1660 -- Fiction | ||
| 830 | 0 |
_aProject Gutenberg _v30979 |
|
| 856 | 4 | 0 | _uhttp://www.gutenberg.org/ebooks/30979 |
| 942 | _cEB | ||
| 999 |
_c260234 _d260234 |
||